000 00313nam a2200133Ia 4500
008 260604s9999 xx 000 0 und d
020 _a9781803925660
082 _a004 LEE
100 _aLEEUW
_935129
245 0 _aARTIFICIAL INTELLIGENCE AND BIG DATA
260 _bEDWARD
500 _aIT, AI, Data
942 _cBK
999 _c7888
_d7888